[Event "Sachsen-ch U12 Girls"]
[Site "Sebnitz"]
[Date "2012.04.10"]
[Round "1"]
[White "Hertzschuch, Anna"]
[Black "Arnhold, Steffi"]
[Result "0-1"]
[WhiteElo "851"]
[BlackElo "1172"]
[PlyCount "76"]
[EventDate "2012.04.10"]
[EventType "swiss"]
[EventRounds "7"]
[EventCountry "GER"]
[SourceTitle "CBM 148 Extra"]
[Source "ChessBase"]
[SourceDate "2012.06.22"]
[SourceVersion "1"]
[SourceVersionDate "2012.06.22"]
[SourceQuality "1"]

1. e4 c5 2. Nf3 d6 3. Nc3 Nf6 4. d4 cxd4 5. Nxd4 a6 6. Bc4 e6 7. Nf3 Be7 8. e5 dxe5 9. Qxd8+ Bxd8 10. Nxe5 Bc7 11. Nf3 b5 12. Bd3 Bb7 13. Bg5 Nd5 14. Ne4 Nd7 15. a3 Ne5 16. Nxe5 Bxe5 17. 0-0-0 0-0 18. g3 Rac8 19. Be3 Nxe3 20. fxe3 f5 21. Ng5 Bxh1 22. Rxh1 Rc6 23. e4 f4 24. g4 f3 25. h4 Bf4+ 26. Kb1 Bxg5 27. hxg5 e5 28. b3 f2 29. Kb2 Rd6 30. Rf1 Rg6 31. c4 bxc4 32. Bxc4+ Kh8 33. a4 Rxg5 34. Be6 Re8 35. Bf5 g6 36. Bd7 Rf8 37. Ka3 h5 38. gxh5 Rg1 0-1